SURAH YAASIN DAN TAHLIL (Record no. 865)

000 -LEADER
fixed length control field nam a22 a 4500
005 - DATE AND TIME OF LATEST TRANSACTION
control field 20170505152057.0
008 - FIXED-LENGTH DATA ELEMENTS--GENERAL INFORMATION
fixed length control field 170505b1996 my ||||| |||| 00| 0 ara d
040 ## - CATALOGING SOURCE
Original cataloging agency AKMAL
082 ## - DEWEY DECIMAL CLASSIFICATION NUMBER
Classification number 297.122 MOH
090 ## - LOCALLY ASSIGNED LC-TYPE CALL NUMBER (OCLC); LOCAL CALL NUMBER (RLIN)
Classification number (OCLC) (R) ; Classification number, CALL (RLIN) (NR) 297.122
Local cutter number (OCLC) ; Book number/undivided call number, CALL (RLIN) MOH
245 ## - TITLE STATEMENT
Title SURAH YAASIN DAN TAHLIL
Remainder of title dilengkapi dengan : doa tahlil, doa khusus bagi mayat, doa selamat, doa nisfu sya'ban
Statement of responsibility, etc. susunan Mohd Hilmi Hashim
260 ## - PUBLICATION, DISTRIBUTION, ETC.
Place of publication, distribution, etc. Selangor Darul Ehsan
Name of publisher, distributor, etc. Thinker's Library
Date of publication, distribution, etc. 1996
300 ## - PHYSICAL DESCRIPTION
Extent 54 ms
Dimensions cm
942 ## - ADDED ENTRY ELEMENTS (KOHA)
Source of classification or shelving scheme
Koha item type Book
Holdings
Withdrawn status Lost status Source of classification or shelving scheme Damaged status Not for loan Collection code Home library Current library Shelving location Date acquired Inventory number Total Checkouts Full call number Barcode Date last seen Price effective from Koha item type
          NON-FICTION AKMAL Melaka AKMAL Melaka PINJAMAN 05.05.2017 000365   297.122 MOH 201701771 05.05.2017 05.05.2017 Book
Pusat Sumber Maklumat Dato' Haji Sarmin Md Hussin, Akademi Kastam Diraja Malaysia, Melaka
Tel: 06-2331106 | Faks: 06-2313787